书目信息 |
| 题名: |
教育学
|
|
| 作者: | 王道俊 , 郭文安 主编 | |
| 分册: | ||
| 出版信息: | 北京 人民教育出版社 2009.05 |
|
| 页数: | 489页 | |
| 开本: | 26cm | |
| 丛书名: | ||
| 单 册: | ||
| 中图分类: | G40 | |
| 科图分类: | ||
| 主题词: | 教育学 | |
| 电子资源: | ||
| ISBN: | 7-107-21475-6 | |
| 000 | 00627nam0 2200217 450 | |
| 001 | 1333882517 | |
| 005 | 20130426092612.85 | |
| 010 | @a7-107-21475-6@dCNY36.80 | |
| 100 | @a20130426d2009 km y0chiy0120 ea | |
| 101 | 0 | @achi |
| 102 | @aCN@b110000 | |
| 200 | 1 | @a教育学@Ajiao yu xue@f王道俊,郭文安主编@Fwang dao jun,guo wen an zhu bian |
| 205 | @a6版 | |
| 210 | @a北京@c人民教育出版社@d2009.05 | |
| 215 | @a489页@d26cm | |
| 606 | 0 | @a教育学 |
| 690 | @aG40@v4 | |
| 701 | 0 | @a王道俊@Awang dao jun@4主编 |
| 701 | 0 | @a郭文安@Aguo wen an@4主编 |
| 801 | 0 | @aCN@b大连网信软件有限公司图书馆·11@c20130426 |
| 905 | @aZUCC@dG40@eW142=6 | |
| 教育学/王道俊,郭文安主编.-6版.-北京:人民教育出版社,2009.05 |
| 489页;26cm |
| ISBN 7-107-21475-6:CNY36.80 |
| ● |
| 相关链接 |
|
|
|
正题名:教育学
索取号:G40/W142=6
 
预约/预借
| 序号 | 登录号 | 条形码 | 馆藏地/架位号 | 状态 | 备注 |
| 1 | 476674 | 204766743 | 社科库409/ [索取号:G40/W142=6] |
已借出,限还日期为2018.10.04 借出人:芦明 |